| 000 | 00542nam a2200193 a 4500 | ||
|---|---|---|---|
| 005 | 20240924070102.0 | ||
| 008 | 991125s1968 bar 000 0 spa u | ||
| 035 | _aUPN01000043345 | ||
| 049 | _aCG | ||
| 050 | 4 | _aP105 V3.68 | |
| 100 | 1 | _aVan Orman Quine, Willard | |
| 245 | 1 | 0 |
_aPalabra y objeto / _cWillard Van Orman Quine ; tr. Manuel Sacristán |
| 260 |
_aBarcelona, Esp. : _bLabor, _c1968 |
||
| 300 | _a298 p. | ||
| 440 | 0 |
_aBiblioteca universitaria Labor; _v3 |
|
| 650 | 4 |
_aEspañol _913265 |
|
| 904 |
_aAC _b043347 |
||
| 905 | _aLibro | ||
| 999 |
_c43345 _d43345 |
||